000 00325nam a2200121Ia 4500
008 210428s9999 xx 000 0 und d
082 _a668.4 H2331 H
100 _aCharles A.Harper
_952132
245 0 _aHandbook of Plastics Elastomers &Composites
260 _bMc Graw-Hill
_aNew york
_c2002
300 _a884p
942 _cBK
999 _c560040
_d560040